Prince Mohammad bin Abdulaziz Int. Destinations (Medina, Saudi Arabia) - Statistics

General Stats
  • This quiz has been taken 32 times
    9 since last reset
  • The average score is 47 of 83
Answer Stats
Airline Destination % Correct
Ethiopian Airlines Addis Ababa
100%
Air Arabia/Air Cairo/Egyptair Alexandria
100%
flynas/Royal Jordanian Amman (Queen Alia)
100%
Egyptair/flynas/Saudia Cairo
100%
Biman Bangladesh Airlines/Saudia Dhaka
100%
Pakistan International Airlines/Serene Aire Islamabad
100%
Saudia/Turkish Airlines Istanbul
100%
AJet/Pegasus Airlines Istanbul (Sobiha Gökçen)
100%
Garuda Indonesia/Lion Air/Saudia Jakarta (Soekarno-Hatta)
100%
Saudia Jeddah
100%
flynas/Pakistan International Airlines Karachi
100%
Malaysia Airlines/Saudia Kuala Lumpur (International)
100%
Wizz Air London (Gatwick)
100%
Transavia Paris (Orly)
100%
flyadeal/flynas/Saudia Riyadh
100%
Iran Air Tehran (Imam Khomeini)
100%
Etihad Airways Abu Dhabi
83%
AJet/Pegasus Airlines Ankara
83%
Iraqi Airways Baghdad
83%
flynas/Gulf Air Bahrain
83%
Azerbaijan Airlines Baku
83%
Middle East Airlines Beirut
83%
Qatar Airways Doha
83%
Emirates/flydubai/flynas Dubai (International)
83%
flynas/Jazeera Airways/Kuwait Airways/Saudia Kuwait City
83%
Pakistan International Airlines Lahore
83%
Oman Air/Salam Air/Saudia Muscat
83%
Uzbekistan Airways Tashkent
83%
Tunisair Tunis
83%
Air Algérie/flynas Algiers
67%
Air Astana/SCAT Airlines Almaty
67%
Turkmenistan Airlines Ashgabat
67%
Royal Air Maroc Casablanca
67%
flyadeal/flynas Dammam
67%
IndiGo Hyderabad
67%
Freebird Airlines İzmir
67%
Kam Air Kabul
67%
Royal Air Maroc Marrakech
67%
Iran Air Mashhad
67%
Garuda Indonesia/Lion Air Medan
67%
Pakistan International Airlines Multan
67%
Air Arabia Sharjah
67%
Iran Air Shiraz
67%
Garuda Indonesia/Lion Air Surabaya
67%
Iran Air Tabriz
67%
Iran Air Ahvaz
50%
Pakistan International Airlines Faisalabad
50%
Nesma Airlines Ha'il
50%
Iran Air Isfahan
50%
Iran Air Kerman
50%
Egyptair Sharm El Sheikh
50%
Air Cairo Sohag
50%
Saudia Tabuk
50%
Iran Air Bandar Abbas
33%
Iran Air Bushehr
33%
flynas Giza
33%
Malaysia Airlines Johor Bahru
33%
Transavia Lyon
33%
Iran Air Rasht
33%
Pakistan International Airlines Sialkot
33%
Transavia Toulouse
33%
Iran Air Urmia
33%
Garuda Indonesia Yogyakarta (International)
33%
flynas Abha
17%
Air Cairo Assiut
17%
Garuda Indonesia/Lion Air Banda Aceh
17%
Biman Bangladesh Airlines Chattogram
17%
Iran Air Gorgan
17%
Thai Airways International Hat Yai
17%
flynas Hofuf
17%
Saudia Kano
17%
Citilink/Garuda Indonesia/Lion Air Makassar
17%
Transavia Marseille
17%
Thai Airways International Narathiwat
17%
Iran Air Qeshm
17%
Uzbekistan Airways Samarqand
17%
Iran Air Zahedan
17%
Iran Air Ardabil
0%
Iran Air Birjand
0%
Iran Air Hamadan
0%
Iran Air Sari
0%
Iran Air Yazd
0%
Iran Air Zanjan
0%
No matching quizzes found
Score Distribution
Percent of People with Each Score
Percentile by Number Answered
Your Score History
You have not taken this quiz since the last reset